000 02856nam0a2200373 4500
001 RU\NLR\BIBL_A\022614523
005 20260420052909.0
010 _a978-5-91326-872-3
_9100
021 _aRU
_bКН-П-25-041192
_9КН-П-25-4010
035 _a(NLR Aleph) 022614523
090 _a13683705
_c13683705
100 _a20250904d2024 k y0rusy50 ca
101 0 _arus
_aeng
_deng
102 _aRU
105 _aa z 100yy
181 0 _ai3
_baxxe
182 0 _an
200 1 _aЖурналистика и PR в условиях формирования новой медиасреды: традиции и новаторство
_eсборник статей международной научно-практической конференции, 12-13 марта 2024 года
_fМинистерство науки и высшего образования Российской Федерации, Национальный исследовательский Нижегородский государственный университет имени Н. И. Лобачевского, Институт филологии и журналистики
_gредакционная коллегия: ... О. Н. Савинова (отв. редактор), М. С. Щерова
203 _aТекст
_bвизуальный
_cнепосредственный
210 _aНижний Новгород
_cИзд-во ННГУ
_d2024
215 _a393 с.
_cил.
_d21
300 _aТекст рус., англ.
320 _aБиблиогр. в конце ст.
606 1 _aЭлектронные средства массовой информации
_jСъезды, совещания и т.п
_92272977
_3RU\NLR\AUTH\661362259
606 1 _aПаблик рилейшнз
_jСъезды, совещания и т.п
_xВзаимодействие со средствами массовой информации
_92153089
_3RU\NLR\AUTH\661601188
686 1 _aЧ600.0я431
702 1 _aСавинова
_bО. Н.
_gОльга Николаевна
_4340
711 1 2 _a"Журналистика и PR в условиях формирования новой медиасреды: традиции и новаторство", международная научно-практическая конференция
_eНижний Новгород
_f2024
_92676047
_3RU\NLR\AUTH\880630646
712 0 2 _4557
_aНациональный исследовательский Нижегородский государственный университет им. Н. И. Лобачевского
_bИнститут филологии и журналистики
_9742206
_3RU\NLR\AUTH\880539260
942 _cBOOK
980 _aNB